000
002450000a22000970004500
100
1
_a
Cabrera Leiva, Guillermo
245
1
0
_a
La victoria de cada día
300
_a
Vol. 2, Núm 7 (1990), Páginas 7
773
0
_t
Impacto Presbiteriano
942
_c
ANA
999
_c
50868
_d
50868